000 00599nam a22001697a 4500
999 _c7976
_d7976
003 GBCCL
005 20241126110640.0
008 181122b ||||| |||| 00| 0 eng d
040 _cGBC
082 _aARCH GBC-2007
_bPAU
100 _aPaukhansiam, T
_913920
245 _aAn Analytical Study on the Impact of the Evangelical Baptist Convention Schools Among the Paite Tribe in Manipur, India |
_cT. Paukhansiam
260 _aNew Lamka:
_bGrace Bible College,
_c2007
300 _a62 p.;
_c21 x 29 cm.
650 _aInstitutions
_vEvangelical Baptist Cpnvention
_xPaite
_zManipur
_913921
942 _2ddc
_cTH